Hadronic matter at extreme Energy density (Record no. 7127)

MARC details
000 -LEADER
fixed length control field 00852nam a2200205Ia 4500
003 - CONTROL NUMBER IDENTIFIER
control field IN-BaIIA
008 - FIXED-LENGTH DATA ELEMENTS--GENERAL INFORMATION
fixed length control field 211028s9999 xx 000 0 eng d
020 ## - INTERNATIONAL STANDARD BOOK NUMBER
International Standard Book Number 0-306-40303-X
040 ## - CATALOGING SOURCE
Transcribing agency IIA Library
080 ## - UNIVERSAL DECIMAL CLASSIFICATION NUMBER
Universal Decimal Classification number 524.834(082.1)
Item number HAD
111 ## - MAIN ENTRY--MEETING NAME
Meeting name or jurisdiction name as entry element Workshop on "Hadronic Matter At Extreme Energy Density,"
Location of meeting Erice
Date of meeting or treaty signing 1978 Oct. 13-21
9 (RLIN) 12225
245 #0 - TITLE STATEMENT
Title Hadronic matter at extreme Energy density
Remainder of title  proceedings of Workshop on "Hadronic Matter at Extreme Energy Density," held in the Ettore Majorana Center in Erice, October 13-21, 1978. 
Statement of responsibility, etc. edited by Nicola Cabibbo and Luigi Sertorio
260 ## - PUBLICATION, DISTRIBUTION, ETC.
Place of publication, distribution, etc. New York
Name of publisher, distributor, etc. Plenum Press
Date of publication, distribution, etc. 1980
300 ## - PHYSICAL DESCRIPTION
Extent [various pagings.]
650 ## - SUBJECT ADDED ENTRY--TOPICAL TERM
Topical term or geographic name entry element Astronomy and Astrophysics thesaurus
650 ## - SUBJECT ADDED ENTRY--TOPICAL TERM
Topical term or geographic name entry element Hadronic matter
9 (RLIN) 12226
700 ## - ADDED ENTRY--PERSONAL NAME
Personal name Cabibbo, Nicola., ed.
9 (RLIN) 12227
700 ## - ADDED ENTRY--PERSONAL NAME
Personal name Sertorio, Luigi., ed.
9 (RLIN) 12228
942 ## - ADDED ENTRY ELEMENTS (KOHA)
Koha item type Books
Holdings
Withdrawn status Lost status Damaged status Not for loan Home library Current library Shelving location Date acquired Total Checkouts Full call number Barcode Date last seen Price effective from Koha item type
        IIA Library-Bangalore IIA Library-Bangalore General Stacks 27/07/1982   524.834(082.1)/ HAD 7919 05/11/2021 27/07/1982 Books

Powered by Koha